00744nam a2200241 a 4500001001300000003000900013005001700022008004100039020001000080082002300090100002000113245005100133260004800184300000900232500003500241505001000276650002900286650003100315902000800346942000700354952012400361999001700485nice12345678IN_TiNIC20260116013921.0050524s1996 dela grp 000 0 eng  ac10000a305.629705482bABD aAbdur Rahman, T aPoverty Alleviation Among Muslims in Tamilnadu aDelhibInstitute of Objective Studiesc1996 a104p aincludes index and biblioraphy2 aIndex aMuslims-India-Tamil Nadu aDevelopment-Socio-Economic bSRS cBK 001040708StackRoom-aHMIbHMId2007-03-28g100.00l0o305.629705482 ABDp017196r2007-03-28v100.00w2005-05-24yBK c13099d13099